|
|
|
|
| LEADER |
00000nab a2200000 ar4500 |
| 001 |
vtls008426047 |
| 003 |
SK-MaSNL |
| 005 |
20260303065933.0 |
| 008 |
060125c2005 xo wr|p|||||||000 b|slo |
| 015 |
|
|
|a SNBRB2006/01
|2 snkbucl
|
| 040 |
|
|
|a SNKBUCL
|b slo
|c SNKBUCL
|e AACR2
|
| 041 |
0 |
|
|a slo
|
| 044 |
|
|
|a xo
|c SK
|
| 080 |
|
|
|a 82:929:821.162.4
|2 1997
|
| 080 |
|
|
|a 821.162.4:929
|2 1997
|
| 080 |
|
|
|a 929 Hvorecký, Michal
|2 1981
|
| 100 |
1 |
|
|a Kadlecová, Jana
|4 ivr
|4 aut
|9 520879
|
| 245 |
1 |
0 |
|a Z povrchnosti som totálne unavený
|c Jana Kadlecová, Michal Hvorecký
|
| 300 |
|
|
|b Fotogr.
|
| 600 |
1 |
7 |
|a Hvorecký, Michal,
|d 1976-
|2 snkbucl
|9 85482
|
| 700 |
1 |
|
|a Hvorecký, Michal,
|d 1976-
|4 ive
|4 aut
|9 85482
|
| 773 |
0 |
|
|t Domino fórum
|g Roč. XIV, č. 51-52 (2005), s. 8-9
|x 1335-4426
|
| 852 |
|
|
|a SNK
|b KIS3GCP
|
| 958 |
|
|
|a LX
|
| 958 |
|
|
|a BX
|
| 958 |
|
|
|a SK
|
| 999 |
|
|
|c 1753328
|d 1755258
|